Players who have scored the most free kick goals - Statistics

General Stats
  • This quiz has been taken 44 times
  • The average score is 6 of 15
Answer Stats
Years Active Goals Name % Correct
2002-present 64 Cristiano Ronaldo
100%
2003-present 66 Lionel Messi
98%
1992-2013 65 David Beckham
66%
1993-2013 77 Juninho Pernambucano
59%
1956-1977 70 Pele
59%
1998-2015 66 Ronaldinho
54%
1976-1994 62 Diego Maradona
46%
1995-2017 46 Andrea Pirlo
29%
1971-1994 62 Zico
29%
1991-2014 52 Alessandro Del Piero
20%
1972-1987 50 Michel Platini
20%
1990-2015 61 Rogerio Ceni
17%
1980-1997 60 Ronald Koeman
17%
1988-2009 59 Marcelinho Carioca
5%
1953-1976 66 Victor Legrottaglie
2%
No matching quizzes found
Score Distribution
Percent of People with Each Score
Percentile by Number Answered
Your Score History
You have not taken this quiz